| 000 | 00789nam a22002537a 4500 | ||
|---|---|---|---|
| 003 | UPN | ||
| 005 | 20250208063747.0 | ||
| 008 | 230309s2021 sp| |||gr|||| 00| 0 spa d | ||
| 020 | _a9788418526121 | ||
| 040 |
_aMX-MxUPN _bspa |
||
| 050 | 4 |
_aHQ1090 _bS25 2021 |
|
| 100 | 1 |
_948213 _aSalazar Benítez, Octavio |
|
| 245 | 1 | 3 |
_aLa vida en común : _blos hombres (que deberíamos ser) después del coronavirus |
| 250 | _aPrimera edición | ||
| 260 |
_aBarcelona : _bGalaxia Gutenberg, _c2021 |
||
| 300 | _a217 páginas | ||
| 650 | 4 |
_914713 _aMasculinidad |
|
| 650 | 4 |
_aFeminismo _98967 |
|
| 650 | 0 |
_91566 _aRelación hombre-mujer |
|
| 650 | 4 |
_aPandemia de COVID-19, 2020-2023 _xAspectos sociales _946845 |
|
| 902 | _aVíctorGodínez/090323 | ||
| 942 |
_2lcc _cLIBRO |
||
| 999 |
_c209301 _d209301 |
||